000 00815nam a2200241 a 4500
001 BRCA_6801
005 20190320205610.0
008 031111s1891----gw-#######---#000-0#eng-#
041 _aeng
044 _agw
050 4 _aPZ3
_b.B75 18 1891
100 1 _aSavage, Richard Henry
_d1846-1903
_916959
245 1 0 _aMy official wife
_ba novel
_cby Richard Henry Savage.
260 _aLeipzig, Alemania
_bBernhard Tauchnitz
_c1891
300 _a278 p.
_c16 cm.
440 0 _aCollection of British authors. Tauchnitz edition
_vv. 2771
_916960
500 _aVer tambiƩn CEF6, H144, L2, L15, L16, L17, L18, L19, L20, L22, L23, L24, L25, L26, L27, L32, L166, N9, N11, N13 y N17
500 _aN12
650 1 4 _aLiteratura estadounidense
_916961
650 1 4 _aLiteratura inglesa
_916962
902 _aGFM
942 _2lcc
_cB
999 _c6484
_d6484